000
00457nam a22001097a 4500
008
110630t xxu||||| |||| 00| 0 eng d
010
_a
LCCF134
245
_a
Law Council of Uganda LCD 55 OF 1998 Wilson Buyonjo Vs Advocate David Barogoroza
260
_c
1998
999
_c
4362
_d
4362